| 000 | 00348 a2200157 4500 | ||
|---|---|---|---|
| 001 | 71514 | ||
| 020 | _a | ||
| 040 | _cAnchieta - Colégio São Paulo | ||
| 100 | _aCosta Filho, Odylo | ||
| 240 | 1 | 0 |
_aOs bichos no céu _lpor |
| 245 | 1 | 0 | _aOs bichos no céu |
| 300 | _a31 | ||
| 362 | 0 | _a1985 | |
| 650 | 4 | _aLiteratura infanto-juvenil | |
| 942 | _cBK | ||
| 999 |
_c71514 _d71514 |
||